Geometry Dash - Most Downloaded 2020 Levels - Statistics

General Stats
  • This quiz has been taken 9 times
  • The average score is 11 of 20
Answer Stats
Publisher Difficulty ID Answer Downloads % Correct
neigefeu Extreme Demon 61079355 Acu 11,100,000
100%
ItzDolphy Extreme Demon 59075347 Tartarus 12,700,000
100%
Noriega Extreme Demon 59746010 Fingerdash v3 3,500,000
67%
JonathanGD Insane Demon 59626284 Future Funk II 9,700,000
67%
Spu7Nix Normal 63395980 HOW 5,300,000
67%
Grenate Easy Demon 65765662 iS 7,900,000
67%
Unzor Hard 60679881 Moonlight 8,200,000
67%
AmorAltra Easy Demon 60605814 PP 3,800,000
67%
BoBoBoBoBoBoBo Extreme Demon 60978746 The Golden 3,900,000
67%
Xender Game Medium Demon 60887211 Ultra violence 14,700,000
67%
Booglee Easy Demon 61348317 What is it 9,500,000
67%
Texic Insane 64968478 Bloodbath but no 5,400,000
33%
Synactive GD Insane Demon 60619762 Denouement 3,500,000
33%
MaFFaKa Medium Demon 63405062 DOLBIT NORMALNO 3,600,000
33%
SuprianGD Insane Demon 59858021 Dream Travel 3,900,000
33%
PulsefireGD Harder 64144455 Fun Dance 10,200,000
33%
ExtoPlasm Easy Demon 60993841 Mr CrazyHands 5,700,000
33%
Danolex Easy 65109444 Nice 5,600,000
33%
Subwoofer Easy 65707442 The Woods 3,500,000
33%
DHaner Easy Demon 65947116 Hold On 6,800,000
0%
No matching quizzes found
Score Distribution
Percent of People with Each Score
Percentile by Number Answered
Your Score History
You have not taken this quiz